[Event "Wch Amateurs U1700"]
[Site "Rhodes"]
[Date "2024.11.03"]
[Round "8"]
[White "Kassem, Mahmoud"]
[Black "Armstrong, Chris"]
[Result "1/2-1/2"]
[WhiteElo "1476"]
[BlackElo "1683"]
[PlyCount "104"]
[EventDate "2024.10.27"]
[EventType "swiss"]
[EventRounds "9"]
[EventCountry "GRE"]
[SourceTitle "CB45_2024"]
[Source "ChessBase"]
[SourceDate "2024.11.06"]
[SourceVersion "1"]
[SourceVersionDate "2024.11.06"]
[SourceQuality "1"]

1. e4 e6 2. d4 d5 3. Nc3 Bb4 4. Bd3 c5 5. Bb5+ Nc6 6. exd5 exd5 7. Be3 Qa5 8. Nge2 Qxb5 9. 0-0 Bxc3 10. Nxc3 Qc4 11. Re1 Nge7 12. Bg5 f6 13. Bh4 Qxd4 14. Qh5+ Kf8 15. Nb5 Bg4 16. Nxd4 Bxh5 17. Ne6+ Kf7 18. Nxc5 Nf5 19. Bg3 Nxg3 20. hxg3 b6 21. Nd3 Rhe8 22. Nf4 Bg6 23. Nxd5 Bxc2 24. Rec1 Red8 25. Rxc2 Nd4 26. Rc7+ Kg6 27. Nf4+ Kh6 28. Re1 g5 29. Nh3 Re8 30. Rd1 Rad8 31. Rf1 Nb5 32. Rc6 Kg7 33. a4 Nd4 34. Rc7+ Kg6 35. Rxa7 Re2 36. b4 Rb2 37. b5 Ra2 38. g4 Nxb5 39. Ra6 Nc3 40. Rxb6 Rxa4 41. f3 Rd1 42. Rxd1 Nxd1 43. Rb1 Ne3 44. Re1 Nc2 45. Rc1 Ra1 46. Rxa1 Nxa1 47. Nf2 Nc2 48. Ne4 Ne1 49. Kf1 Nd3 50. Ke2 Nf4+ 51. Kf2 Nd3+ 52. Ke3 Ne5 1/2-1/2